DERECHO ISLAMICO COMPARADO CON EL DERECHO EN MEXICO Y ESPAÑA (Registro nro. 50376)
[ vista simple ]
| 000 -LEADER | |
|---|---|
| fixed length control field | 00989nam a2200193 a 4500 |
| 001 - CONTROL NUMBER | |
| control field | 50376 |
| 005 - DATE AND TIME OF LATEST TRANSACTION | |
| control field | 20180714035427.0 |
| 008 - FIXED-LENGTH DATA ELEMENTS--GENERAL INFORMATION | |
| fixed length control field | 140415s2000 mx 000 0 spa d |
| 020 ## - INTERNATIONAL STANDARD BOOK NUMBER | |
| International Standard Book Number | 9700750043 |
| 041 ## - LANGUAGE CODE | |
| Language code of text/sound track or separate title | spa |
| 082 ## - DEWEY DECIMAL CLASSIFICATION NUMBER | |
| Classification number | 342.0852 |
| Item number | CAS |
| 100 1# - MAIN ENTRY--PERSONAL NAME | |
| Personal name | CASAS DUARTE, REYES HUMBERTO DE LAS |
| 245 10 - TITLE STATEMENT | |
| Title | DERECHO ISLAMICO COMPARADO CON EL DERECHO EN MEXICO Y ESPAÑA |
| 250 ## - EDITION STATEMENT | |
| Edition statement | 1a ed. |
| 260 ## - PUBLICATION, DISTRIBUTION, ETC. | |
| Place of publication, distribution, etc. | MEXICO : |
| Name of publisher, distributor, etc. | PORRUA, |
| Date of publication, distribution, etc. | 2000 |
| 300 ## - PHYSICAL DESCRIPTION | |
| Extent | 177 |
| Dimensions | 23 x 15.6 x 0.7 |
| 520 ## - SUMMARY, ETC. | |
| Summary, etc. | LOS PAISES ISLAMICOS QUE INTRODUCEN CODIGOS DE DERECHO CIVIL O PROCESAL A SU NORMATIVIDAD DADO EL ACTUAL PROCESO DE GLOBALIZACION PADECE ENFRENTAMIENTOS CULTURALES PUES RIGUROSOS ESPIRITUS ISLAMICOS EXIGEN QUE LA LEGIALACION SEA COMPATIBLE CON EL CORAN SU LIBRO SAGRADO. LA HIPOTESIS QUE SOSTIENE EL AUTOR DE ESTE LIBRO ES QUE EL DERECHO ISLAMICO QUE SE BASA UNICAMENTE EN EL CORAN ES ARCAICO RUDIMENTARIO. |
| 650 14 - SUBJECT ADDED ENTRY--TOPICAL TERM | |
| Topical term or geographic name entry element | DERECHO COMPARADO |
| General subdivision | ISLAMISMO |
| -- | RELIGION Y DERECHO |
| -- | DERECHO ISLAMICO |
| Withdrawn status | Lost status | Source of classification or shelving scheme | Damaged status | Not for loan | Collection code | Home library | Current library | Shelving location | Date acquired | Source of acquisition | Inventory number | Total Checkouts | Full call number | Barcode | Date last seen | Date last checked out | Price effective from | Koha item type |
|---|---|---|---|---|---|---|---|---|---|---|---|---|---|---|---|---|---|---|
| Dewey Decimal Classification | General | Biblioteca Karol Wojtyla | Biblioteca Karol Wojtyla | Sala general | 03/12/2013 | Compra | 151000000000000000047438 | 342.0852 CAS | 75133 | 05/01/2026 | 26/10/2015 | 03/12/2013 | Libro |